000 00584nam a22001817a 4500
005 20231106115806.0
008 231106b |||||||| |||| 00| 0 eng d
020 _a070211863
041 _aEnglish
082 _a346.5 MEY
100 _aMeyerowitz, D
_lEnglish
245 _a1986 Cumulative Supplement to the Law and Practice of Administration of Estates /
_cD Meyerowitz
250 _aFifth Edition
260 _aCape Town :
_bJuta and Company Ltd,
_c1987
300 _b139 pages ;
_c25 cm.
650 _aLegal practice
_bLaw
942 _cBK
_6ALISON_BN_VRIES
999 _c316
_d316